Reality bytes selected essays 1995-2015

Guardat en:
Dades bibliogràfiques
Autor principal: LOOTSMA, Bart
Format: Llibre
Idioma:anglès
Publicat: Birkhauser Verlag GmBH 2016
Etiquetes: Afegir etiqueta
Sense etiquetes, Sigues el primer a etiquetar aquest registre!

MARC

LEADER 00000nam a22000007a 4500
008 210712b ||||| |||| 00| 0 eng d
020 |a 9783990433669 
100 |a LOOTSMA, Bart 
245 |a Reality bytes  |b selected essays 1995-2015  |c Bart Lootsma  |g 304p 
260 |b Birkhauser Verlag GmBH  |c 2016  |h Basel, Switzerland  |i 696465  |i 696466  |l NA2543.T4L87  |m Architectural design-Data processing  |m Architecture and technology   |m Architecture Modern-20th century  |m Architectural practice, International  |m Architectural practice 
942 |a lcc  |c BK  |e JOHNSON  |f 12/7/21 
952 |0 0  |1 0  |2 lcc  |4 0  |6 NA2543 T43 L87  |7 0  |9 2759  |a EDM  |b HOL  |c LP  |d 2021-07-12  |l 0  |o NA2543.T43L87  |p 2021-6608  |r 2021-07-12 00:00:00  |w 2021-07-12  |y BK 
952 |0 0  |1 0  |2 lcc  |4 0  |6 NA2543 T43 L87  |7 0  |9 2760  |a HOL  |b HOL  |c LP  |d 2021-07-12  |l 0  |o NA2543.T43L87  |p 2021-6609  |r 2021-07-12 00:00:00  |w 2021-07-12  |y BK 
999 |c 1438  |d 1438